000 00375nam a22001457a 4500
005 20260213155652.0
008 260213b |||||||| |||| 00| 0 eng d
020 _a978-93-55287-86-8
100 _aP. Sharma & S. Verma
245 _aEffective Technical Communication
260 _aNew Delhi
_bKhanna Book Pub
_c2026
300 _a166
650 _aEnglish
942 _2ddc
_cBK
999 _c21984
_d21984